000 00869nam a2200229 a 4500
005 20180907162925.0
008 140123b2003 ck ||||| |||| 00| 0 spa d
041 _aspa
044 _ack
090 _aIAVH
_b00297
110 _9204
_aInstituto de Investigación de Recursos Biológicos Alexander von Humboldt
_bInstituto de Investigación de Recursos Biológicos Alexander von Humboldt
245 _aINFORMAR Orinoquia
_binformación municipal y regional asociada a la biodiversidad en la Orinoquia colombiana, versión 1.09.
260 _aBogotá
_bInstituto Alexander von Humboldt
_c2003
300 _aCD-ROM
650 _aSistemas de información
_992288
650 _aBases de datos
_94807
650 _aManuales de usuario
_94808
650 _aInformación socioeconómica
_94809
662 _aColombia
_cOrinoquia
942 _cCD-ROM
_2z
945 _d2004-09-03
999 _c4142
_d4142